[Event "EU-Cup 28th"]
[Site "Eilat"]
[Date "2012.10.14"]
[Round "4.5"]
[White "Coenen, Norbert"]
[Black "Iclicki, Willy"]
[Result "1-0"]
[WhiteElo "2327"]
[BlackElo "2044"]
[PlyCount "113"]
[EventDate "2012.10.11"]
[EventType "team-swiss"]
[EventRounds "7"]
[EventCountry "ISR"]
[SourceTitle "CBM 151"]
[Source "ChessBase"]
[SourceDate "2012.11.13"]
[SourceVersion "1"]
[SourceVersionDate "2012.11.13"]
[SourceQuality "1"]
[WhiteTeam "Eynatten"]
[BlackTeam "Monte Carlo"]
[WhiteTeamCountry "BEL"]
[BlackTeamCountry "MNC"]

1. e4 c6 2. d4 d5 3. Nc3 dxe4 4. Nxe4 Bf5 5. Ng3 Bg6 6. h4 h6 7. Nf3 Nd7 8. h5 Bh7 9. Bd3 Bxd3 10. Qxd3 e6 11. Bf4 Ngf6 12. 0-0-0 Be7 13. Ne5 0-0 14. Ne4 Nxe5 15. dxe5 Nxe4 16. Qxe4 Qa5 17. Kb1 Rad8 18. Qe2 Rxd1+ 19. Rxd1 Rd8 20. f3 Rxd1+ 21. Qxd1 Qb5 22. b3 Ba3 23. Qd8+ Kh7 24. Qd3+ Qxd3 25. cxd3 Kg8 26. Kc2 Bb4 27. Be3 a6 28. Bb6 g6 29. g4 gxh5 30. gxh5 Be7 31. Kc3 f5 32. exf6 Bxf6+ 33. Kd2 Bg5+ 34. Be3 Bxe3+ 35. Kxe3 Kf7 36. Kf4 Kf6 37. d4 a5 38. a4 b6 39. Ke4 Kg5 40. Ke5 Kxh5 41. Kxe6 Kg5 42. Kd6 Kf6 43. Kxc6 Ke7 44. Kd5 h5 45. Ke4 Kd6 46. f4 h4 47. Kf3 h3 48. Kg3 Kd5 49. f5 Kxd4 50. f6 Kc3 51. f7 Kxb3 52. f8Q Kxa4 53. Qf4+ Kb5 54. Qe5+ Kb4 55. Qb2+ Kc5 56. Qc3+ Kb5 57. Kxh3 1-0

[Event "EU-chT (Men) 17th"]
[Site "Novi Sad"]
[Date "2009.10.29"]
[Round "8"]
[White "Polaczek, Richard"]
[Black "Iclicki, Willy"]
[Result "1-0"]
[WhiteElo "2381"]
[BlackElo "2052"]
[PlyCount "60"]
[EventDate "2009.10.22"]
[EventType "team-swiss"]
[EventRounds "9"]
[EventCountry "YUG"]
[SourceTitle "CBM 133"]
[Source "ChessBase"]
[SourceDate "2009.11.19"]
[SourceVersion "1"]
[SourceVersionDate "2009.11.19"]
[SourceQuality "1"]
[WhiteTeam "Belgium"]
[BlackTeam "Monaco"]
[WhiteTeamCountry "BEL"]
[BlackTeamCountry "MNC"]

1. e4 c6 2. d4 d5 3. f3 dxe4 4. fxe4 e5 5. Nf3 Bg4 6. Bc4 Nd7 7. 0-0 Ngf6 8. c3 Bd6 9. Be3 0-0 10. Nbd2 Qc7 11. h3 Bh5 12. Bd3 b5 13. Qc2 Bxf3 14. Rxf3 c5 15. Bxb5 cxd4 16. Bf2 Rab8 17. Bc4 dxc3 18. Rxc3 Qb7 19. Rb3 Qc7 20. Rc1 Qa5 21. Rxb8 Rxb8 22. Bb3 Nb6 23. Nc4 Nxc4 24. Qxc4 Rf8 25. Rc3 Bb4 26. Rf3 Be7 27. Rc3 Bb4 28. Rc2 Be7 29. Qc7 Qb4 30. Rc4 Qb8 1-0

[Event "EU-chT (Men) 17th"]
[Site "Novi Sad"]
[Date "2009.10.28"]
[Round "7"]
[White "Iclicki, Willy"]
[Black "Luukkonen, Tommi"]
[Result "1/2-1/2"]
[WhiteElo "2052"]
[BlackElo "2317"]
[PlyCount "61"]
[EventDate "2009.10.22"]
[EventType "team-swiss"]
[EventRounds "9"]
[EventCountry "YUG"]
[SourceTitle "CBM 133"]
[Source "ChessBase"]
[SourceDate "2009.11.19"]
[SourceVersion "1"]
[SourceVersionDate "2009.11.19"]
[SourceQuality "1"]
[WhiteTeam "Monaco"]
[BlackTeam "Finland"]
[WhiteTeamCountry "MNC"]
[BlackTeamCountry "FIN"]

1. d4 Nf6 2. c4 g6 3. Nc3 Bg7 4. e4 0-0 5. f4 c5 6. d5 d6 7. Nf3 e6 8. Be2 exd5 9. cxd5 Bg4 10. 0-0 Re8 11. h3 Bxf3 12. Bxf3 Nbd7 13. Re1 Qa5 14. Be3 b5 15. a3 Nb6 16. e5 dxe5 17. fxe5 Rxe5 18. Bxc5 Rxe1+ 19. Qxe1 Nbd7 20. Bb4 Qb6+ 21. Qf2 Qxf2+ 22. Kxf2 Ne5 23. d6 Nxf3 24. Kxf3 a5 25. Bc5 Nd7 26. Be3 Ne5+ 27. Ke4 Re8 28. Kd5 Nc4 29. Bc5 Nxb2 30. Nxb5 Nd3 31. Bd4 1/2-1/2

[Event "EU-chT (Men) 17th"]
[Site "Novi Sad"]
[Date "2009.10.24"]
[Round "3"]
[White "Iclicki, Willy"]
[Black "Stanojoski, Zvonko"]
[Result "0-1"]
[WhiteElo "2052"]
[BlackElo "2492"]
[PlyCount "94"]
[EventDate "2009.10.22"]
[EventType "team-swiss"]
[EventRounds "9"]
[EventCountry "YUG"]
[SourceTitle "CBM 133"]
[Source "ChessBase"]
[SourceDate "2009.11.19"]
[SourceVersion "1"]
[SourceVersionDate "2009.11.19"]
[SourceQuality "1"]
[WhiteTeam "Monaco"]
[BlackTeam "Macedonia"]
[WhiteTeamCountry "MNC"]
[BlackTeamCountry "MKD"]

1. d4 d5 2. c4 e6 3. Nc3 c6 4. cxd5 exd5 5. Qc2 Bd6 6. Nf3 Ne7 7. Bg5 f6 8. Bh4 Bf5 9. Qd2 g5 10. Bg3 h5 11. Bxd6 Qxd6 12. e3 h4 13. h3 Nd7 14. Bd3 Qe6 15. Qc2 0-0-0 16. Bxf5 Nxf5 17. 0-0-0 Nd6 18. Nd2 f5 19. Rde1 Kb8 20. Kb1 Rc8 21. Nb3 b6 22. Qd3 Kb7 23. f3 Rce8 24. Re2 Re7 25. Rhe1 Rhe8 26. Nd2 Qg6 27. Qc2 Nf6 28. b3 Re6 29. Kb2 R8e7 30. a3 Qe8 31. Qd3 Nh5 32. Nf1 Qg6 33. Qc2 Qe8 34. Qd3 Qg8 35. Qc2 g4 36. fxg4 fxg4 37. hxg4 Qxg4 38. Nh2 Qg7 39. Nf3 Ng3 40. Rf2 Rxe3 41. Rxe3 Rxe3 42. Ne5 Rxe5 43. dxe5 Qxe5 44. Ka2 d4 45. Nd1 Nge4 46. Re2 Qd5 47. a4 d3 0-1

[Event "EU-chT (Men) 17th"]
[Site "Novi Sad"]
[Date "2009.10.22"]
[Round "1"]
[White "Iclicki, Willy"]
[Black "Gordon, Stephen J"]
[Result "0-1"]
[WhiteElo "2052"]
[BlackElo "2535"]
[PlyCount "98"]
[EventDate "2009.10.22"]
[EventType "team-swiss"]
[EventRounds "9"]
[EventCountry "YUG"]
[SourceTitle "CBM 133"]
[Source "ChessBase"]
[SourceDate "2009.11.19"]
[SourceVersion "1"]
[SourceVersionDate "2009.11.19"]
[SourceQuality "1"]
[WhiteTeam "Monaco"]
[BlackTeam "England"]
[WhiteTeamCountry "MNC"]
[BlackTeamCountry "ENG"]

1. d4 Nf6 2. Nf3 e6 3. e3 b6 4. Bd3 Bb7 5. Nbd2 c5 6. 0-0 Nc6 7. c4 Be7 8. b3 cxd4 9. exd4 0-0 10. Bb2 d5 11. Qe2 Nb4 12. Bb1 Rc8 13. a3 Nc6 14. Bd3 Qd6 15. Rac1 dxc4 16. bxc4 Qf4 17. Qe3 Qxe3 18. fxe3 Ba6 19. Nb3 Rfd8 20. Rfd1 Bd6 21. h3 Nd7 22. Ng5 h6 23. Ne4 Be7 24. Nc3 Bg5 25. Kf2 f5 26. Nb5 Bxb5 27. cxb5 Ne7 28. Bc4 Nd5 29. Bxd5 exd5 30. Rxc8 Rxc8 31. Rc1 Re8 32. Re1 Nf6 33. g3 Ne4+ 34. Kf3 Be7 35. Nc1 Rc8 36. Nd3 Bd6 37. Rc1 Rxc1 38. Bxc1 Nxg3 39. Bd2 Ne4 40. Bb4 Kf7 41. Bxd6 Nxd6 42. a4 Nc4 43. Nb4 Nb2 44. Nc6 Nxa4 45. Nxa7 g5 46. Nc6 Nc3 47. Na7 Ke6 48. h4 gxh4 49. Kf4 Kd7 0-1

[Event "EU Small Countries ol"]
[Site "Andorra"]
[Date "2009.06.24"]
[Round "5"]
[White "Gauci, Joseph"]
[Black "Iclicki, Willy"]
[Result "1/2-1/2"]
[WhiteElo "2093"]
[BlackElo "2057"]
[PlyCount "22"]
[EventDate "2009.06.21"]
[EventType "team"]
[EventRounds "9"]
[EventCountry "AND"]
[SourceTitle "CBM 130 Extra"]
[Source "ChessBase"]
[SourceDate "2009.07.02"]
[SourceVersion "2"]
[SourceVersionDate "2009.07.15"]
[SourceQuality "1"]

1. Nf3 d5 2. d4 c6 3. c4 Nf6 4. Nc3 e6 5. e3 Nbd7 6. Qc2 Bd6 7. Bd3 0-0 8. 0-0 e5 9. cxd5 cxd5 10. e4 dxe4 11. Nxe4 Nxe4 1/2-1/2